000
00257nam a22001217a 4500
041
_a
ENG
100
_a
Sakore .S.N
245
_a
Ropevatika Niyojan Ani Vyavasthapan
260
_a
Pune
_b
AFarmprakshan
_c
1999
300
_a
78
650
_a
GAE
856
_u
GAE
999
_c
667
_d
667